[Event "EU-ch Online U14 Girls"]
[Site "Tornelo INT"]
[Date "2020.09.20"]
[Round "9"]
[White "Tsakona, Maria"]
[Black "Isufi, Elisa"]
[Result "1-0"]
[WhiteElo "1357"]
[BlackElo "1619"]
[PlyCount "75"]
[EventDate "2020.09.18"]
[EventType "swiss (rapid)"]
[EventRounds "9"]
[EventCountry "NET"]
[SourceTitle "EXT 2023"]
[Source "ChessBase"]
[SourceDate "2022.10.05"]
[SourceVersion "1"]
[SourceVersionDate "2022.10.05"]
[SourceQuality "1"]
[WhiteTeam "Greece"]
[BlackTeam "Albania"]
[WhiteTeamCountry "GRE"]
[BlackTeamCountry "ALB"]

1. Nf3 d5 2. g3 Nf6 3. Bg2 g6 4. c4 Bg7 5. Qa4+ c6 6. cxd5 Nxd5 7. Nc3 0-0 8. 0-0 Nb6 9. Qc2 e5 10. d3 N8d7 11. e4 Nc5 12. Rd1 Ne6 13. Ne2 c5 14. b3 Bd7 15. a4 a5 16. Ba3 Qc7 17. Rac1 Rac8 18. Qc3 Na8 19. Nd2 Rfd8 20. Nc4 b6 21. Bb2 Nd4 22. Nxd4 cxd4 23. Qd2 Qa7 24. f4 f6 25. fxe5 fxe5 26. Qg5 Qb8 27. Ba3 b5 28. Bd6 Qa7 29. axb5 Bxb5 30. Bxe5 Bxc4 31. bxc4 Nb6 32. Bh3 Nd7 33. Bxg7 Kxg7 34. Rf1 Qc5 35. Rf5 Qa3 36. Rcf1 h6 37. Rf7+ Kh8 38. Qxh6+ 1-0

[Event "EU-ch Online U14 Girls"]
[Site "Tornelo INT"]
[Date "2020.09.18"]
[Round "2"]
[White "Isufi, Elisa"]
[Black "Lazovic, Emilija"]
[Result "1-0"]
[WhiteElo "1619"]
[BlackElo "1293"]
[PlyCount "65"]
[EventDate "2020.09.18"]
[EventType "swiss (rapid)"]
[EventRounds "9"]
[EventCountry "NET"]
[SourceTitle "EXT 2023"]
[Source "ChessBase"]
[SourceDate "2022.10.05"]
[SourceVersion "1"]
[SourceVersionDate "2022.10.05"]
[SourceQuality "1"]
[WhiteTeam "Albania"]
[BlackTeam "Serbia"]
[WhiteTeamCountry "ALB"]
[BlackTeamCountry "SRB"]

1. e4 c5 2. Nf3 g6 3. d4 cxd4 4. Qxd4 Nf6 5. e5 Nc6 6. Qc4 Qa5+ 7. Bd2 Nxe5 8. Bxa5 Nxc4 9. Bxc4 Bg7 10. 0-0 0-0 11. Bb4 d6 12. Re1 Re8 13. Ng5 d5 14. Bb5 Bd7 15. Bxd7 Nxd7 16. Nc3 e6 17. Rab1 Rec8 18. Re2 Ne5 19. Nb5 a6 20. Nd6 Rc7 21. f4 Nc6 22. Ba3 Rd8 23. c3 Bf8 24. Ngxf7 Rxf7 25. Nxf7 Kxf7 26. Bxf8 Rxf8 27. Rbe1 Re8 28. g4 Re7 29. Kf2 Kf6 30. g5+ Kf5 31. Kg3 Re8 32. Re5+ Nxe5 33. Rxe5# 1-0

[Event "Ohrid Lasker U20 op"]
[Site "Ohrid"]
[Date "2019.10.11"]
[Round "3"]
[White "Isufi, Elisa"]
[Black "Stankovic, Boris"]
[Result "0-1"]
[WhiteElo "1583"]
[BlackElo "1984"]
[PlyCount "84"]
[EventDate "2019.10.10"]
[EventType "swiss"]
[EventRounds "7"]
[EventCountry "MKD"]
[SourceTitle "CBM 192 Extra"]
[Source "Chessbase"]
[SourceDate "2019.11.06"]
[SourceVersion "1"]
[SourceVersionDate "2019.11.06"]
[SourceQuality "1"]

1. e4 c5 2. Nf3 d6 3. d4 cxd4 4. Nxd4 Nf6 5. Nc3 Nc6 6. Be2 e6 7. 0-0 Be7 8. Kh1 0-0 9. f4 a6 10. Nb3 b5 11. a3 Bb7 12. Bf3 Na5 13. e5 Bxf3 14. Qxf3 Nxb3 15. cxb3 dxe5 16. fxe5 Nd7 17. Bf4 Qb6 18. Qg3 Kh8 19. Rad1 Qb7 20. Ne4 Rac8 21. Nd6 Bxd6 22. exd6 Rc2 23. Bd2 f5 24. Bc3 e5 25. Rf3 Re2 26. Re1 f4 27. Qh4 Rxe1+ 28. Qxe1 Qd5 29. Qd2 Qxd2 30. Bxd2 Rc8 31. Kg1 g5 32. Rc3 Rxc3 33. Bxc3 Kg8 34. Kf2 Kf7 35. g3 Ke6 36. gxf4 gxf4 37. Bb4 e4 38. a4 Ne5 39. Ke2 Nd3 40. Bd2 Kxd6 41. axb5 axb5 42. b4 Kd5 0-1

[Event "Ohrid Lasker U20 op"]
[Site "Ohrid"]
[Date "2018.10.13"]
[Round "5"]
[White "Isufi, Elisa"]
[Black "Bizheva, Stefani"]
[Result "1-0"]
[WhiteElo "1565"]
[BlackElo "1147"]
[PlyCount "91"]
[EventDate "2018.10.11"]
[EventType "swiss"]
[EventRounds "7"]
[EventCountry "MKD"]
[SourceTitle "CBM 186 Extra"]
[Source "ChessBase"]
[SourceDate "2018.08.24"]
[SourceVersion "1"]
[SourceVersionDate "2018.08.24"]
[SourceQuality "1"]

1. e4 e5 2. Nf3 Nc6 3. Bc4 Bc5 4. c3 Nf6 5. d3 d6 6. 0-0 0-0 7. Nbd2 h6 8. Re1 Nh5 9. Nf1 Bg4 10. h3 Be6 11. Bb3 Qf6 12. Be3 Bb6 13. Bc2 Ne7 14. d4 Ng6 15. a4 a5 16. Ng3 Nxg3 17. fxg3 Qe7 18. Qd2 f5 19. dxe5 Bxe3+ 20. Qxe3 Nxe5 21. Nxe5 dxe5 22. exf5 Bxf5 23. Bb3+ Kh8 24. Qxe5 Qxe5 25. Rxe5 b6 26. Re7 Rac8 27. Rd1 Rfe8 28. Rde1 Rxe7 29. Rxe7 Kh7 30. g4 Bd3 31. Be6 Rd8 32. Rxc7 Bc2 33. Bf5+ Bxf5 34. gxf5 Rf8 35. Rc6 Rb8 36. Kf2 b5 37. b3 Kg8 38. Rc5 bxa4 39. bxa4 Ra8 40. Ke3 Kf7 41. Ke4 Ke7 42. Rc7+ Kf6 43. Rc6+ Ke7 44. Re6+ Kf7 45. c4 Rc8 46. Kd5 1-0

[Event "Vevcani Lasker U20 op"]
[Site "Vevcani"]
[Date "2017.10.23"]
[Round "7"]
[White "Isufi, Elisa"]
[Black "Stankovic, Boris"]
[Result "0-1"]
[WhiteElo "1447"]
[BlackElo "1660"]
[PlyCount "74"]
[EventDate "2017.10.20"]
[EventType "swiss"]
[EventRounds "7"]
[EventCountry "MKD"]
[SourceTitle "CBM 181 Extra"]
[Source "ChessBase"]
[SourceDate "2017.12.12"]
[SourceVersion "1"]
[SourceVersionDate "2017.12.12"]
[SourceQuality "1"]

1. e4 c5 2. Nf3 Nc6 3. d4 cxd4 4. Nxd4 e6 5. Be2 Bc5 6. Nb3 Bb6 7. 0-0 Nf6 8. Nc3 0-0 9. Kh1 a6 10. f4 Bc7 11. Rf3 b5 12. a3 Bb7 13. Nc5 Bc8 14. e5 Ne8 15. N5e4 Qe7 16. Be3 d5 17. exd6 Bxd6 18. Nxd6 Qxd6 19. Ne4 Qd5 20. Nc3 Qxd1+ 21. Rxd1 Nf6 22. Rg3 Bb7 23. Rf1 Rfe8 24. f5 exf5 25. Rxf5 Kh8 26. Bg5 Nd4 27. Rf2 Nxe2 28. Rxe2 Rxe2 29. Nxe2 Ne4 30. Rf3 Nxg5 31. Rf5 h6 32. h4 Re8 33. Nc3 Ne4 34. Nxe4 Rxe4 35. Rxf7 Rxh4+ 36. Kg1 Be4 37. Re7 Rg4 0-1

[Event "EU-ch U14 Girls 27th"]
[Site "Mamaia"]
[Date "2017.09.14"]
[Round "9"]
[White "Isufi, Elisa"]
[Black "Dimitrijevic, Andjela"]
[Result "1/2-1/2"]
[WhiteElo "1359"]
[BlackElo "1544"]
[PlyCount "67"]
[EventDate "2017.09.05"]
[EventType "swiss"]
[EventRounds "9"]
[EventCountry "ROU"]
[SourceTitle "EXT 2018"]
[Source "ChessBase"]
[SourceDate "2017.10.13"]
[SourceVersion "1"]
[SourceVersionDate "2017.10.13"]
[SourceQuality "1"]

1. c4 Nf6 2. Nc3 d6 3. g3 e5 4. Bg2 Nbd7 5. d3 c6 6. e3 Be7 7. Nge2 0-0 8. 0-0 Nb6 9. Na4 Nxa4 10. Qxa4 Be6 11. b4 a6 12. Qc2 Qd7 13. Rd1 Rfc8 14. Bb2 Qc7 15. d4 Qb8 16. Qd3 e4 17. Qc2 d5 18. c5 Re8 19. f3 Bf5 20. f4 Qc8 21. Nc3 Bh3 22. Na4 Qe6 23. Re1 Rad8 24. a3 g6 25. Bc1 Nh5 26. Ra2 f6 27. Rf1 Ng7 28. Nc3 g5 29. Bxh3 Qxh3 30. Qg2 Qe6 31. Raf2 Rf8 32. f5 Qf7 33. g4 Rfe8 34. Qg3 1/2-1/2

[Event "EU-ch U14 Girls 27th"]
[Site "Mamaia"]
[Date "2017.09.07"]
[Round "3"]
[White "Isufi, Elisa"]
[Black "Shehzad, Alisha"]
[Result "1-0"]
[WhiteElo "1359"]
[BlackElo "1696"]
[PlyCount "91"]
[EventDate "2017.09.05"]
[EventType "swiss"]
[EventRounds "9"]
[EventCountry "ROU"]
[SourceTitle "CBM 180 Extra"]
[Source "ChessBase"]
[SourceDate "2017.10.06"]
[SourceVersion "1"]
[SourceVersionDate "2017.10.06"]
[SourceQuality "1"]

1. d4 d5 2. Nf3 Nf6 3. g3 Bf5 4. Bg2 h6 5. 0-0 e6 6. c4 c6 7. Ne5 Nbd7 8. f4 Be7 9. Nc3 0-0 10. Qb3 Qb6 11. Qxb6 Nxb6 12. b3 Rfd8 13. Rd1 Nfd7 14. Nxd7 Rxd7 15. c5 Nc8 16. Bb2 b6 17. cxb6 Nxb6 18. e4 Bh7 19. Kh1 Rad8 20. e5 c5 21. Ba3 Rc8 22. Ne2 cxd4 23. Bxe7 d3 24. Nd4 Rxe7 25. Bf1 Be4+ 26. Kg1 Rc3 27. Rd2 a6 28. Rad1 Nd7 29. Bxd3 Nc5 30. Bf1 Bh7 31. Ne2 Re3 32. Rc1 Nd7 33. Nd4 Re4 34. Kf2 Bg6 35. Nc6 Re8 36. Bg2 Kf8 37. Bxe4 Bxe4 38. Nd4 Ke7 39. Rc6 Ra8 40. Rd1 a5 41. Rdc1 Ra7 42. Rc7 Ra6 43. Nc6+ Rxc6 44. R1xc6 d4 45. Rd6 d3 46. Rcxd7+ 1-0